000 00381nam a22001697a 4500
005 20160530110457.0
008 160530b xxu||||| |||| 00| 0 eng d
020 _a81-297-0014-X
041 _aeng
082 _b5995
100 _aRamesh Kuamr, S
_91495
245 _aConsumer Behaviour
260 _bPearsons
_c2003
300 _a316
650 _aManagement
_9241
942 _cBK
999 _c2115
_d2114